[Event "Chigorin Memorial 28th"]
[Site "St Petersburg"]
[Date "2021.10.28"]
[Round "6"]
[White "Jara, Erik"]
[Black "Leonova, Ameliya"]
[Result "1-0"]
[WhiteElo "2162"]
[BlackElo "1794"]
[PlyCount "51"]
[EventDate "2021.10.23"]
[EventType "swiss"]
[EventRounds "9"]
[EventCountry "RUS"]
[SourceTitle "EXT 2023"]
[Source "ChessBase"]
[SourceDate "2022.10.05"]
[SourceVersion "1"]
[SourceVersionDate "2022.10.05"]
[SourceQuality "1"]

1. d4 Nf6 2. Bf4 g6 3. Nc3 d5 4. e3 Bg7 5. Nf3 0-0 6. h3 a6 7. a4 c5 8. Be2 cxd4 9. Nxd4 Re8 10. Nb3 Nc6 11. 0-0 e5 12. Bg5 d4 13. Ne4 Bf5 14. Bf3 h6 15. Bxf6 Bxf6 16. exd4 exd4 17. Nxf6+ Qxf6 18. Bxc6 bxc6 19. Qxd4 Qg5 20. Qc3 Re2 21. Nd4 Be4 22. g3 Rd2 23. h4 Qf6 24. Qxd2 Rd8 25. Qe3 Rxd4 26. c3 1-0

[Event "Wch U16 Girls"]
[Site "Porto Carras"]
[Date "2018.10.26"]
[Round "7"]
[White "Sosa Suarez, Carla Cristina"]
[Black "Leonova, Ameliya"]
[Result "1/2-1/2"]
[WhiteElo "2025"]
[BlackElo "1736"]
[PlyCount "121"]
[EventDate "2018.10.20"]
[EventType "swiss"]
[EventRounds "11"]
[EventCountry "GRE"]
[SourceTitle "CBM 187 Extra"]
[Source "ChessBase"]
[SourceDate "2018.11.04"]
[SourceVersion "1"]
[SourceVersionDate "2018.11.04"]
[SourceQuality "1"]

1. e4 c5 2. Nf3 Nc6 3. d4 cxd4 4. Nxd4 g6 5. c4 Bg7 6. Be3 Nf6 7. Nc3 0-0 8. Be2 d6 9. 0-0 Bd7 10. h3 Nxd4 11. Bxd4 Bc6 12. Qc2 a5 13. Rad1 Nd7 14. Bxg7 Kxg7 15. Bg4 Ne5 16. c5 Nxg4 17. hxg4 Rc8 18. cxd6 exd6 19. Rd4 Re8 20. Qd2 Qh4 21. f3 h5 22. g5 Qg3 23. Rxd6 h4 24. Qd4+ Kg8 25. Qd2 h3 26. Rd3 Kg7 27. Rd1 Rcd8 28. Nd5 Bxd5 29. exd5 Qxg2+ 30. Qxg2 hxg2 31. R1d2 Re5 32. f4 Rf5 33. Rd4 f6 34. Rc4 fxg5 35. fxg5 Rfxd5 36. Rc7+ Kg8 37. Rxg2 R8d7 38. Rc8+ Kg7 39. Rcc2 Rf5 40. Rc3 b5 41. Rcg3 Rdd5 42. Kh2 Kf7 43. Kh3 a4 44. Rg4 Rd3+ 45. R2g3 Rd2 46. Rg2 Rf3+ 47. Kh4 Rd8 48. Rb4 Rf5 49. Kg4 Rdd5 50. Kh4 Rf1 51. Kg4 Rh1 52. Rf4+ Kg7 53. Kf3 Rh3+ 54. Ke4 Rhd3 55. Rff2 b4 56. Rc2 R3d4+ 57. Ke3 Rd7 58. Rc6 Rh4 59. Rb6 Re7+ 60. Kd3 Rd7+ 61. Ke3 1/2-1/2

[Event "Wch U16 Girls"]
[Site "Porto Carras"]
[Date "2018.10.23"]
[Round "5"]
[White "Sild, Marta Pauliine"]
[Black "Leonova, Ameliya"]
[Result "0-1"]
[WhiteElo "1394"]
[BlackElo "1736"]
[PlyCount "94"]
[EventDate "2018.10.20"]
[EventType "swiss"]
[EventRounds "11"]
[EventCountry "GRE"]
[SourceTitle "CBM 187 Extra"]
[Source "ChessBase"]
[SourceDate "2018.11.04"]
[SourceVersion "1"]
[SourceVersionDate "2018.11.04"]
[SourceQuality "1"]

1. e4 c5 2. Nf3 Nc6 3. Bb5 g6 4. 0-0 Bg7 5. c3 Nf6 6. Re1 0-0 7. d4 d5 8. exd5 Qxd5 9. Bxc6 Qxc6 10. Rxe7 Be6 11. Ne5 Qc8 12. Bg5 Nd5 13. Nf3 h6 14. Bh4 g5 15. Rxe6 Qxe6 16. Bg3 cxd4 17. Nxd4 Qb6 18. Nb3 Rad8 19. N1d2 a5 20. a4 Rfe8 21. Qf3 Qf6 22. h3 Qxf3 23. Nxf3 b6 24. Nbd4 Rd7 25. Kf1 Nc7 26. Rb1 Ne6 27. Nf5 Nc5 28. Nxg7 Kxg7 29. b3 Rd3 30. Be5+ f6 31. Bd4 Nxb3 32. Kg1 Nxd4 33. cxd4 Ra3 34. Rxb6 Rxa4 35. d5 Ra1+ 36. Kh2 a4 37. Ra6 a3 38. Ra7+ Kg6 39. d6 a2 40. Kg3 Rd8 41. d7 Rh1 42. Rxa2 Rxd7 43. Ra6 Rd3 44. Kg4 h5+ 45. Kg3 Rb3 46. Rc6 h4+ 47. Kg4 Rb4+ 0-1

[Event "EU-ch U14 Girls 26th"]
[Site "Prague"]
[Date "2016.08.27"]
[Round "9"]
[White "Leonova, Ameliya"]
[Black "Granovskaya, Ekaterina"]
[Result "0-1"]
[WhiteElo "1513"]
[BlackElo "1805"]
[PlyCount "56"]
[EventDate "2016.08.18"]
[EventType "swiss"]
[EventRounds "9"]
[EventCountry "CZE"]
[SourceTitle "CBM 174 Extra"]
[Source "ChessBase"]
[SourceDate "2016.10.10"]
[SourceVersion "1"]
[SourceVersionDate "2016.10.10"]
[SourceQuality "1"]

1. d4 d5 2. c4 e6 3. Nc3 Be7 4. Nf3 Nf6 5. Bg5 0-0 6. e3 Nbd7 7. Rc1 c6 8. cxd5 exd5 9. Bd3 Nb6 10. Ne5 Ne8 11. Qh5 g6 12. Bxe7 Qxe7 13. Qh6 f6 14. Nf3 Nd6 15. Nh4 g5 16. Nf3 Bf5 17. Bxf5 Nxf5 18. Qh5 Nc4 19. 0-0 Nxb2 20. h4 Ng7 21. Qh6 g4 22. Rc2 Nc4 23. Nd2 Nd6 24. Qf4 f5 25. Rfc1 h5 26. Qh6 Nf7 27. Qg6 Rab8 28. Nb5 a6 0-1

[Event "EU-ch U14 Girls 26th"]
[Site "Prague"]
[Date "2016.08.25"]
[Round "7"]
[White "Leonova, Ameliya"]
[Black "Hajiyeva, Laman"]
[Result "0-1"]
[WhiteElo "1513"]
[BlackElo "1800"]
[PlyCount "56"]
[EventDate "2016.08.18"]
[EventType "swiss"]
[EventRounds "9"]
[EventCountry "CZE"]
[SourceTitle "CBM 174 Extra"]
[Source "ChessBase"]
[SourceDate "2016.10.10"]
[SourceVersion "1"]
[SourceVersionDate "2016.10.10"]
[SourceQuality "1"]

1. e4 d5 2. exd5 Nf6 3. c4 c6 4. dxc6 Nxc6 5. d3 e5 6. Be2 Bf5 7. Nf3 Bc5 8. 0-0 h6 9. a3 a5 10. Nc3 0-0 11. Qc2 Rc8 12. Bd2 Nd4 13. Nxd4 Bxd4 14. Nb5 Bb6 15. Be3 Nd5 16. Qd2 Nxe3 17. fxe3 Be6 18. Qc1 Bd5 19. Nc3 Bc6 20. Kh1 f5 21. e4 f4 22. b4 axb4 23. axb4 Bd4 24. Qc2 Qh4 25. Ra2 g5 26. b5 Bd7 27. Nd5 g4 28. g3 fxg3 0-1

[Event "RE-2011-0-00083"]
[Site "LSS email"]
[Date "2011.12.30"]
[Round "?"]
[White "Leonova, Ameliya"]
[Black "Puleston, Tim O"]
[Result "0-1"]
[WhiteElo "1200"]
[BlackElo "1223"]
[PlyCount "30"]
[EventDate "2011.12.05"]
[EventType "tourn (corr)"]
[EventRounds "6"]
[EventCountry "GER"]
[SourceTitle "Corr 2015"]
[Source "ChessBase"]
[SourceDate "2015.07.17"]
[SourceVersion "1"]
[SourceVersionDate "2015.07.17"]
[SourceQuality "1"]

1. d4 d5 2. c4 e6 3. e3 Nf6 4. Nc3 c6 5. a3 Nbd7 6. Nf3 Bd6 7. Be2 0-0 8. 0-0 e5 9. dxe5 Nxe5 10. Nxe5 Bxe5 11. Bd2 Be6 12. cxd5 Nxd5 13. Nxd5 Bxd5 14. Rb1 Qf6 15. Bg4 Rad8 0-1

[Event "RE-2011-0-00083"]
[Site "LSS email"]
[Date "2011.12.29"]
[Round "?"]
[White "Evtyugin, Yury Alekseevich"]
[Black "Leonova, Ameliya"]
[Result "1-0"]
[WhiteElo "1051"]
[BlackElo "1200"]
[PlyCount "27"]
[EventDate "2011.12.05"]
[EventType "tourn (corr)"]
[EventRounds "6"]
[EventCountry "GER"]
[SourceTitle "Corr 2015"]
[Source "ChessBase"]
[SourceDate "2015.07.17"]
[SourceVersion "1"]
[SourceVersionDate "2015.07.17"]
[SourceQuality "1"]

1. Nf3 Nc6 2. d4 d5 3. Bf4 Bf5 4. a3 Nf6 5. Nc3 e6 6. Nb5 Rc8 7. h3 a6 8. Nc3 Be7 9. g4 Be4 10. Bg2 Bd6 11. Bxd6 Qxd6 12. Nxe4 dxe4 13. Nd2 Qxd4 14. c3 1-0

[Event "RE-2011-0-00083"]
[Site "LSS email"]
[Date "2011.12.29"]
[Round "?"]
[White "Tittarelli, Adriano"]
[Black "Leonova, Ameliya"]
[Result "1-0"]
[WhiteElo "1058"]
[BlackElo "1200"]
[PlyCount "29"]
[EventDate "2011.12.05"]
[EventType "tourn (corr)"]
[EventRounds "6"]
[EventCountry "GER"]
[SourceTitle "Corr 2015"]
[Source "ChessBase"]
[SourceDate "2015.07.17"]
[SourceVersion "1"]
[SourceVersionDate "2015.07.17"]
[SourceQuality "1"]

1. d4 d5 2. Bf4 Nf6 3. e3 Nc6 4. Nf3 Bf5 5. Nbd2 e6 6. Be2 Be7 7. h3 h6 8. 0-0 0-0 9. c4 Bd6 10. Ne5 Bxe5 11. dxe5 Nh5 12. Bxh5 g6 13. Bxh6 Re8 14. Be2 g5 15. Bg4 1-0